Регионална библиотека "Любен Каравелов" - Русе

Меденосладка енциклопедия (Запис номер 153223)

MARC детайли
000 -Лидер
Контролно поле с фиксирана дължина 01800nam a2200445 c 4500
003 - Код на организацията, давaща контролен номер
Контролно поле BLK
005 - Дата и час на последна редакция
Контролно поле 20250329120848.0
008 - Елементи от данни с фиксирана дължина
fixed length control field 180410b bul|||||r ||||||| ||bul||
010 ## - Наследен системен номер
LC control number KNG00159752000
020 ## - Международен стандартен номер на книга ISBN
Международен стандартен номер на книга ISBN 978-954-27-0840-7
040 ## - Източник на каталожния запис
Идентификатор на билиотеката - собственик на записа BLK
041 ## - Код за език
Код за езика на текст/звукозапис или на отделно заглавие Български
Код за езика КДБФ Български
072 #7 - Код за тематичната категория
Код организация bullib
Код за тематична категория Н86
Текст Детска отраслова литература Н
080 ## - УДК
Текстов определител УДК Математика. Естествени науки
УДК код - определител по УДК 5
УДК определител (031)
УДК - код + определител 5(031)
080 ## - УДК
Текстов определител УДК Условия на обкръжаващата среда. Биология на гората
УДК код - определител по УДК 630.1
УДК определител (031)
УДК - код + определител 630.1(031)
139 ## - Редно поле
Редна дума Меденосладка енциклопедия
Авторски знак Мед - М 45
245 10 - Сведения за заглавието
Заглавие Меденосладка енциклопедия
Подзаглавни данни Кн. 1 - 12
Редно поле (дума) прев. Ирина Атанасова Димитрова.
Том Кн. 6
Заглавие на том Горите
250 ## - Област на изданието
Сведения за изданието Ново изд.
257 ## - Страна на издаване
Страна на създаване/издаване Съединени американски щати
260 ## - Област на издателските данни
Година на издаване 2012
Печатница отпеч. в Полша
300 ## - Физическа характеристика
Размери/Мащаб 28 см
380 ## - Жанр
Жанр Детска отраслова лит.
490 ## - СЕРИИ (Колекции)
Име на серия Disney Любознание
9 (RLIN) 204933
490 ## - СЕРИИ (Колекции)
Име на серия Disney Мечо Пух
9 (RLIN) 203228
500 ## - Общи забележки
Забележка Изд. на Disney.
650 #4 - Допълнително описание по предмет – тема
Основно описание – тема или топоним Гори
9 (RLIN) 152269
650 #4 - Допълнително описание по предмет – тема
Основно описание – тема или топоним Енциклопедии, детски
9 (RLIN) 154962
653 ## - Ключова дума – ненормативна
Ключова дума гори
653 ## - Ключова дума – ненормативна
Ключова дума енциклопедии
653 ## - Ключова дума – ненормативна
Ключова дума литература за деца
659 ## - Тематичен бюлетин
Тематичен бюлетин Н
760 1# - Описание на основната серия
Издание Ново изд.
Място на издаване, издател и година Егмонт България, 2012
Страници - том 40 с. : с цв. ил.
Забележка - том Ориг. загл.: My very first encyclopedia with Winnie the Pooh and friends: Earth; Forests.
Заглавие Кн. 6 Горите
852 ## - Местоположение
Форматна сигнатура Цб ІІ 20031
856 4# - Електронен адрес и достъп
Електронен формат pdf - файл
856 4# - Електронен адрес и достъп
Електронен формат pdf - файл
999 ## - СИСТЕМНИ КОНТРОЛНИ НОМЕРА
Koha biblionumber 153223
Koha biblioitemnumber 153223
942 ## - АРТИКУЛИ
Вид на библиотечния материал Книги
Скрит в OPAC Не
Периодичен библиозапис Да
Koha issues (borrowed), all copies 15
944 ## - СЪЗДАВАНЕ И РЕДАКЦИЯ на ЗАПИСА
Създаване/Редакция Създаване
Дата на регистрацията/редакция 16.04.2014
Служител, извършил регистрацията/редакцията 30542
Статус, дата на статуса Русанова Ирена
944 ## - СЪЗДАВАНЕ И РЕДАКЦИЯ на ЗАПИСА
Създаване/Редакция Редакция
Дата на регистрацията/редакция 12.01.2015
Служител, извършил регистрацията/редакцията Грета_Цуфелде
999 ## - СИСТЕМНИ КОНТРОЛНИ НОМЕРА
Koha biblioitemnumber 153223
Наличности
Код за отписване Код за изгубен артикул Код за повреда Коз за рестрикции Код за отдаване Артикулен № Име на библиотеката - собственик Име на библиотеката, в която се намира в момента Статус (Текущо местоположение) Дата на вписване в системата Местоположение - отдел Цена в лева Инвентарен номер Систематично азбучна сигнатура Баркод Номер на екземпляра Цена в евро Служебна бележка Служебен тип на артикула Източник на класификационната схема
  Не е изгубен Не е повреден без рестрикции ползва се в читалня 256455 Регионална библиотека "Любен Каравелов" Русе Регионална библиотека "Любен Каравелов" Русе Хранилище 2014-04-17 Хранилище 9.00 120000776830 Цб ІІ 20031 120000776830 1 4.60 Дост: Dp Вид: Д N: 22 Дата: 21.05.2013 Книги  
  Не е изгубен Не е повреден без рестрикции заемане за дома 872748 Регионална библиотека "Любен Каравелов" Русе Регионална библиотека "Любен Каравелов" Русе Детски отдел 2022-02-21 Детски отдел 9.90   63/М 45 120000866259   5.06   Книги Universal Decimal Classification
Vip Innovations Ltd, Rousse, Bulgaria 2025